A message from the sphinx /

محفوظ في:

المؤلف الرئيسي: Enel, pseud. 1883-1963 (مؤلف)

التنسيق: كتاب

اللغة: English

منشور في: London : Rider & Co., 1936.

الموضوعات:

الوسوم: إضافة وسم

لا توجد وسوم, كن أول من يضع وسما على هذه التسجيلة!

رقم الطلب: BF1999 .E54 1936

LEADER 00599nam a2200229Ia 4500
001 8600
003 OSt
005 20250917114746.0
008 130303s1936 enka 000 0 eng d
035 |a ocm09367222 
040 |c ARCE Library 
043 |a f-ua--- 
050 4 |a BF1999 .E54 1936 
100 0 |a Enel, pseud.   |d 1883-1963,  |e author 
245 1 2 |a A message from the sphinx /  |c [By] Enel. 
264 1 |a London :   |b Rider & Co.,   |c 1936. 
300 |a 299 pages :  |b illustrations ;  |c 22 cm. 
650 0 |a Occultism  |z Egypt. 
650 0 |a Symbolism. 
901 |a reviewed 
942 |c BK  |2 lcc 
999 |c 4088  |d 4088